01826nam a2200349 a 4500001000200000003000400002005001700006007000300023008004100026020001800067040002600085082003200111100004400143245015600187260007000343300002400413500007100437500007300508504003200581505001900613505001500632505051900647505001801166505003101184590002601215650002101241700002801262910001501290942001201305952014201317999001701459 OSt20211126125427.0ta140512s2014 dr a 000 0 spa d a9789945583519 aDO-SdBNPbspacBPMSU  a231.7097293bA353r 20182221 aAlcántara, Polanco , Guarionexd1979-10aRepública Dominicana la tierra de Dios :b revelando el secreto con las evidencias históricas /cGuarionex Alcántara ; prólogo Paula Díaz , aSanto Domingo :bMinisterio Gloria Postrera ;bSantuario ,c2014. a167 p. ;c23 cm.b  3Incluye datos biográficos del autor en la solapa de la cubierta  aIncluye referencias bibliográficas y notas al pie de las páginas aBibliografías : p.157-1620 aAgradecimento.0 aPrólogo.0 aIntroducción.tCapítulo I : uDios " el autor de nuestra independencia.tCapítulo II : uEl misterio de la Isla de Santo Domingo.tCapítulo III : uEl misterio profético de un hombre llamado : Juan Pablo Duarte.tCapítulo IV : uLas verdades eternas del Padre en Juan Pablo (ideario incomprendido).tCapítulo V : uEl misterio profético de la Trinitaria, el escudo y el himno Nacional Dominicanos.tCapítulo VI :u El misterio del nombre.tCapítulo VII : uEl misterio profético de la etnia.0 aConclusiones.0 aReferencias biográficas. 6Inventariado, 2021/VM 4aVida espiritual.1 aDíaz, Paula,epról. aVMateo V.  2ddccBK 00102ddc40708CDaBPMETbBPMETd2021-11-26eEditora BúhooBPMSU CD 231.7097293 A353r 2018pBPMSU21110138r2021-11-26w2021-11-26yBK c13908d13908